Los cerdos

Збережено в:
Бібліографічні деталі
Автор: Pinheiro Machado, Luíz Carlos (Автор)
Формат: Книга
Мова:Іспанська
Опубліковано: Buenos Aires Hemisferio Sur 1973
Предмети:
Теги: Додати тег
Немає тегів, Будьте першим, хто поставить тег для цього запису!

MARC

LEADER 00000nam a2200000 a 4500
001 UCS8981
003 CL-VaPUC
008 971113e19730000AG |||||||||||||||||spa|d
082 0 4 |a 636.4  |b PIN  |2 21 
100 0 |a Pinheiro Machado, Luíz Carlos  |e author  |9 393780 
245 1 4 |a Los cerdos 
300 |a 528 p 
942 |c BK 
945 |d 19971113 00:00:00  |a jquezada 
260 |a Buenos Aires  |b Hemisferio Sur  |c 1973 
650 7 |a CERDO  |2 CL-VaPUC  |9 393781 
650 0 |a Historia  |9 255047 
650 0 |a Razas  |9 326658 
650 0 |a Reproducción  |9 269783 
650 7 |a MANEJO ANIMAL  |2 CL-VaPUC  |9 393782 
650 7 |a EQUIPOS  |2 CL-VaPUC  |9 393783 
650 0 |a Productividad   |9 335972 
650 0 |a Alimentación animal  |9 393779 
650 7 |a INDUSTRIA  |2 CL-VaPUC  |9 315110 
583 |a last modification  |c 19971113 00:00:00  |k Rodrigo Vera 
999 |c 263063  |d 263061 
952 |0 0  |1 0  |4 0  |6 636_400000000000000_PIN_1973  |7 0  |8 A  |9 292147  |a BIBALI  |b BIBALI  |c GEN  |d 2019-11-19  |i 1974467  |o 636.4 PIN 1973  |p 1974467  |r 2025-01-20  |w 2019-11-19  |y BK  |k ALI